Biblioteca

El movimiento comunal de 1781 en el Nuevo Reino de Granada / Pablo E. Cárdenas Acosta (Registro nro. 40874)

Detalles MARC
000 -LÍDER
Campo fijo de descripción fija 004170000a22001450004500
041 0# - CÓDIGO DE IDIOMA
Código de idioma para texto/pista de sonido o título separado
082 04 - NÚMERO DE CLASIFICACIÓN DECIMAL DEWEY
Número de clasificación G 987.03 C9119
001 - NÚMERO DE CONTROL
Campo de control 11670
100 1# - ASIENTO PRINCIPAL--NOMBRE PERSONAL
Nombre personal Cárdenas Acosta, Pablo E. (Enrique)
245 10 - TÍTULO
Título del Material El movimiento comunal de 1781 en el Nuevo Reino de Granada / Pablo E. Cárdenas Acosta
260 ## - PUBLICACIÓN, DISTRIBUCIÓN, ETC. (PIE DE IMPRENTA)
Lugar de publicación, distribución, etc. Bogotá, Colombia : Kelly
300 ## - DESCRIPCIÓN FÍSICA
Extensión 399 Pag
500 ## - NOTA GENERAL
Nota General Con copiosa documentación inédita
942 ## - TIPO DE MATERIAL (KOHA)
Tipo de Item KOHA Libros General
Existencias
Estado de Material Estado de Perdido Volumen-Parte/Tomo Estado de Dañado No para Préstamo Colección Tomo Biblioteca de Origen Biblioteca Permanente Fecha de Adquisición Total de Préstamos Signatura Topográfica Código de Barras Última vez visto Ejemplar/Existencia Fecha de Remplazo Tipo de Material
    96     Colección General 1 Biblioteca FUSBC Biblioteca FUSBC 28/01/2005   G 987.03 C9119 11030 12/12/2019 1 26/01/2016 Libros General
    97     Colección General 2 Biblioteca FUSBC Biblioteca FUSBC 28/01/2005   G 987.03 C9119 11031 12/12/2019 1 26/01/2016 Libros General

Biblioteca FUSBC | Teléfono: (57+4) 349 88 10 Ext. 141| WhatsApp (+57) 3005338115 
E-mail: biblioteca@unisbc.edu.co | Calle 76 87-14 Robledo Palenque, Medellín, Colombia

Con tecnología Koha